| 000 | 01027nas a2200325 4500 | ||
|---|---|---|---|
| 001 | BR8804300 | ||
| 003 | BR-BrBNA | ||
| 005 | 20231205091228.0 | ||
| 007 | ta | ||
| 008 | 230509b bl.|||p| |||| 00| 00por d | ||
| 040 |
_aBR-BrBNA _bpor _cBiblioteca Nacional de Agricultura |
||
| 041 | _a(Pt) | ||
| 072 | _aL02 | ||
| 100 | 1 | _aTafuri, M.L. | |
| 100 | 1 | _aFonseca, J.B. | |
| 100 | 1 | _aCosta, P.M.A. | |
| 100 | 1 | _aRostagno, H.S. | |
| 100 | 1 | _aSilva, M. de A.C. | |
| 245 | 1 | _aAvaliacao da disponibilidade de lisina em graos de milho e de sorgo com base no crescimento de pintos, utilizando dieta purificada | |
| 246 | 1 | _aBioavailability of lysine in corn and sorghum grains as determined by chick growth assay | |
| 650 | _aPINTO | ||
| 650 | _aDIETA | ||
| 650 | _aLISINA | ||
| 650 | _aMILHO | ||
| 650 | _aSORGO | ||
| 650 | _aCRESCIMENTO | ||
| 773 | 0 |
_tRevista Ceres (Brazil) _xISSN 0034-737X _g(Jul-Aug 1986), v. 34(194) p. 340-354 _wBR8804300 |
|
| 909 |
_a202311 _bLúcia _c55 _dLúcia Elande |
||
| 942 |
_2AGRIS _n0 _cANA |
||
| 999 |
_c123707 _d123707 |
||